One Liverpool Player by Nation - Statistics

General Stats
  • This quiz has been taken 6,844 times
    1,833 since last reset
  • The average score is 17 of 22
Answer Stats
Nation Player % Correct
England Jamie Carragher | Steven Gerrard | Jordan Henderson | +86 others
100%
Netherlands Dirk Kuyt | Georginio Wijnaldum | Virgil van Dijk | +8 others
98%
Spain Pepe Reina | Xabi Alonso | Fernando Torres | +19 others
96%
France David N'Gog | Mamadou Sakho | Djibril Cissé | +13 others
95%
Brazil Lucas Leiva | Roberto Firmino | Philippe Coutinho | +4 others
94%
Scotland Andrew Robertson | Dominic Matteo | Steve Nicol | +5 others
89%
Germany Dietmar Hamann | Emre Can | Karl-Heinz Riedle | +5 others
88%
Senegal Sadio Mané | El Hadji Diouf | Salif Diao
87%
Uruguay Luis Suárez | Darwin Núñez | Sebastián Coates
86%
Hungary Dominik Szoboszlai | Ádám Bogdán | István Kozma | Milos Kerkez
84%
Italy Fabio Borini | Alberto Aquilani | Andrea Dossena | +4 others
84%
Argentina Javier Mascherano | Maxi Rodríguez | Emiliano Insúa | +2 others
84%
Portugal Raul Meireles | Abel Xavier | Diogo Jota | +3 others
81%
Wales Ian Rush | Joe Allen | Craig Bellamy | +6 others
75%
Ireland Steve Finnan | Phil Babb | Jason McAteer | +6 others
74%
Switzerland Stéphane Henchoz | Xherdan Shaqiri | Philipp Degen
68%
Belgium Simon Mignolet | Divock Origi | Christian Benteke
66%
Norway John Arne Riise | Stig Inge Bjørnebye | Vegard Heggem | +2 others
58%
Cameroon Joël Matip | Rigobert Song
56%
Australia Harry Kewell | Brad Jones | Brad Smith
49%
Denmark Daniel Agger | Jan Mølby | Torben Piechnik | +1 other
46%
Czechia Patrik Berger | Vladimír Šmicer | Milan Baroš | +1 other
46%
No matching quizzes found
Score Distribution
Percent of People with Each Score
Percentile by Number Answered
Your Score History
You have not taken this quiz since the last reset